000
00215nam a22001097a 4500
082
_a
894.812.3
_b
VAS/S
100
_a
VASU, K K
245
_a
SARI EATAVUM SARI
300
_a
120
650
_a
STORY
_z
KERALA
942
_c
BK
999
_c
1655
_d
1655